000 01365cam a2200385 a 4500
001 2586051
003 NUST - PNEC
005 20170116180852.0
008 951025s1995 cau b 001 0 eng d
010 _a 96133471
020 _a1565920309
035 _a(OCoLC)33355618
040 _aNBPu
_cNBPu
_dDLC
042 _alccopycat
050 0 4 _aRC965.V53
_bS75 1995
082 0 0 _a613.62 STI
100 1 _aStigliani, Joan.
245 1 4 _aThe computer user's survival guide /
_cJoan Stigliani.
250 _a1st ed.
260 _aSebastopol, CA :
_bO'Reilly & Associates,
_cc1995.
300 _a276 p. :
_bill. ;
_c24 cm.
504 _aIncludes bibliographical references (p. 263-267) and index.
650 0 _aVideo display terminals
_xHealth aspects.
_xGeneral
650 0 _aComputers
_xHealth aspects.
650 1 2 _aComputer Terminals.
650 1 2 _aHuman Engineering.
650 2 2 _aOccupational Diseases
_xprevention & control.
650 2 2 _aWorkplace
_xstandards.
650 2 2 _aOccupational Health.
856 4 2 _3Publisher description
_uhttp://www.loc.gov/catdir/enhancements/fy0915/96133471-d.html
856 4 1 _3Table of contents only
_uhttp://www.loc.gov/catdir/enhancements/fy1013/96133471-t.html
906 _a7
_bcbc
_ccopycat
_d3
_encip
_f19
_gy-gencatlg
942 _2ddc
_cBK
999 _c64659
_d64659